000 00526nam a2200133Ia 4500
008 170221s9999 xx 000 0 und d
100 _aSoeb Pawi
245 4 _aThe Malaysian Transformation of Assessment Tax. Management in Local Governments (LGs) Based on Star Rating Concept
245 _cSoeb Pawi, Wan Zahari Wan Yusoff, Norjariah Arif, Fazira Shafie Amilia Hasbullah and Nurhayati Md Salleh
260 _c2015
300 _a10 : 2
650 _xBusiness
856 _uhttp://www.scienpress.com/Upload/BEJ/Vol%201_1_7.pdf
999 _c313622
_d313622